| 000 | 00432nam a2200133 a 4500 | ||
|---|---|---|---|
| 001 | ASINB007QA9W0Q | ||
| 005 | 20150422101335.0 | ||
| 008 | 150422s1948 xxu eng d | ||
| 100 | 1 | _aSiddiqi, S. A. | |
| 245 | 1 | 0 |
_aPublic finance in islam / _cS. A. Siddiqi. |
| 260 |
_a[S.l.] : _bM. Ashraf, _c1948. |
||
| 300 |
_a1 v. (unpaged) ; _c21 cm. |
||
| 856 | 4 | 0 |
_3Amazon.com _uhttp://www.amazon.com/exec/obidos/ASIN/B007QA9W0Q/chopaconline-20 |
| 999 |
_c13246 _d13246 |
||